Lendas, histórias e contos de Monchique (Registo nº 4250)
[ vista simples ]
| 000 -Etiqueta do registo | |
|---|---|
| Cabeçalho | 00757nam a2200265 4500 |
| 005 - Identificador da versão | |
| Campo de controlo | 20240813122056.0 |
| 010 ## - Número internacional normalizado dos livros (ISBN) | |
| Número (ISBN) | 9789729563836 |
| 021 ## - Número do Depósito Legal | |
| Código do país | PT |
| Número | 274529/08 |
| 100 ## - Dados gerais de processamento | |
| Dados gerais de processamento | 20091112d2008 de d0pory5003 ba |
| 102 ## - Pais de publicação ou produção | |
| País de publicação | Portugal |
| 101 0# - Língua de publicação | |
| Língua do texto, banda sonora, etc. | Português |
| 106 ## - Campo de dados codificados: material textual | |
| Dados codificados do material textual | r |
| 105 ## - Campo de dados codificados: livros | |
| Dados codificados dos livros | a z 000fy |
| 215 ## - Descrição física | |
| Indicação específica da natureza do documento e extensão da espécie | 55 p. |
| Outras indicações físicas | il. |
| Dimensões | 21 cm |
| 200 1# - Titulo e menção de responsabilidade | |
| Título próprio | Lendas, histórias e contos de Monchique |
| Informação de outro título | recolhidos por alunos da Escola EB 2,3 de Monchique |
| Primeira menção de responsabilidade | coord. Ana Paula Almeida |
| 210 ## - Publicação, Distribuição, etc. | |
| Lugar da edição, distribuição, etc. | Monchique |
| Nome do editor, distribuidor, etc. | Junta de Freguesia |
| Data da publicação, distribuição, etc. | 2008 |
| 675 ## - Classificação Decimal Universal (CDU) | |
| Notação | 087.5 |
| Edição | BN |
| Língua da edição | por |
| Notação | 398.2(469.6) |
| Edição | BN |
| Língua da edição | por |
| 702 #1 - Nome de autor-pessoa física (responsabilidade secundária) | |
| Número de registo de entrada de autoridade | 0000945 |
| Palavra de ordem | Almeida |
| Outra parte do nome não tomada para palavra de ordem | Ana Paula |
| Código de função | Editor literário / Coordenador |
| 900 ## - | |
| -- | BIBNAC |
| -- | 20091218 |
| 942 ## - Elementos de entrada adicionados (Koha) | |
| Tipo de item no Koha | Livro |
| Situação do levantamento | Origin of item (home branch) (coded) | Biblioteca de empréstimo | Código de barras | Cota | Circulation type (not for loan) | Tipo de documento | Nota do exemplar | Damaged status |
|---|---|---|---|---|---|---|---|---|
| Biblioteca Escolar das Vendas | Biblioteca Escolar das Vendas | BEV1825 | 3ETN LEN | Livro | Sem mensagem |
